000 00537nam a2200169 a 4500
001 000025156
005 20200930023608.0
008 110208s1972 sp r 000 0 spa d
040 _aDO-SdBNP
_bspa
_cBNPHU
082 _axxx
_bB116a
100 1 _aBacardí Moreau, Emilio
_951600
245 1 0 _aAl abismo :
_bdrama en tres actos /
_cEmilio Bacardí Moreau.
260 _aMadrid :
_bPlayor,
_c1972.
300 _a83 p. ;
_c21 cm.
590 _aInventariado, 2019/ YL
500 _aObras completas de E.B.M. reeditadas por Amalia Bacardí Cape.
999 _c24649
_d24649